000 00564 a2200217 4500
003 4365121
005 20251029201803.0
008 251029b |||||||| |||| 00| 0 eng d
022 _a11178035
040 _c Nile University of Nigeria, Abuja.
_erda
050 _a K 60 .N5
082 _a K 60 .N5
245 _a UNIVERSITY OF BENIN LAW
250 _avol.14No1.,2013
260 _aBenin
_bFlb Press
_c2013
264 _aBenin
_bFlb Press
_c2013
300 _bviii, 297pg , 30 cm.
336 _2rdacontent
338 _2rdacarrier
942 _2lcc
_cSERIAL
999 _c43948
_d43948